Student employment in the UK and central and eastern Europe
Ekonomická transformácia krajín SVE prispela k tvorbe viacerých pracovných príležitostí na čiastočný úväzok v sektore služieb a cestovného ruchu. Štúdia je zameraná na zistenie, do akej miery študenti krajín SVE využívajú uvedenú príležitosť a ako práca ovplyvňuje ich študentský život. Porovnanie s...
Guardado en:
| Autor principal: | |
|---|---|
| Otros Autores: | |
| Formato: | Capítulo de libro |
| Lenguaje: | inglés |
| Materias: | |
| Etiquetas: |
Sin Etiquetas, Sea el primero en etiquetar este registro!
|
MARC
| LEADER | 00000naa a2200000 4500 | ||
|---|---|---|---|
| 001 | r045550 | ||
| 005 | 20231003112740.8 | ||
| 041 | 0 | |a eng | |
| 044 | |a SK | ||
| 245 | 1 | 0 | |a Student employment in the UK and central and eastern Europe |c Keith Johnson, Rosemary Lucas |
| 520 | |a Ekonomická transformácia krajín SVE prispela k tvorbe viacerých pracovných príležitostí na čiastočný úväzok v sektore služieb a cestovného ruchu. Štúdia je zameraná na zistenie, do akej miery študenti krajín SVE využívajú uvedenú príležitosť a ako práca ovplyvňuje ich študentský život. Porovnanie s podobnou štúdiou, ktorá bola uskutočnená vo V. Británii. | ||
| 610 | 2 | 0 | |a zamestnanosť |
| 610 | 2 | 0 | |a študenti |
| 610 | 2 | 0 | |a služby |
| 610 | 2 | 0 | |a ruch cestovný |
| 610 | 2 | 0 | |a SVE |
| 610 | 2 | 0 | |a Veľká Británia |
| 100 | 1 | |a Johnson, Keith | |
| 700 | 1 | |a Lucas, Rosemary | |